Introduction to education of students with disabilities (Record no. 393801)

MARC details
000 -LEADER
fixed length control field 00570 a2200205 4500
005 - DATE & TIME
control field 20251227121931.0
008 - FIXED-LENGTH DATA ELEMENTS--GENERAL INFORMATION
fixed length control field 251227b |||||||| |||| 00| 0 eng d
020 ## - ISBN
International Standard Book Number 9789348491626
Price Rs. 750.00
040 ## - CATALOGING SOURCE
Original cataloging agency VIVEKANANDA LIBRARY
082 ## - DDC NUMBER
Classification number 371.9
Book Number Y11I
100 ## - MAIN ENTRY--PERSONAL NAME
Personal name Yadav, Priyanka
245 ## - TITLE STATEMENT
Title Introduction to education of students with disabilities
260 ## - PUBLICATION, DISTRIBUTION, ETC. (IMPRINT)
Name of publisher, distributor, etc Kanishka Publishers, Distributors
Date of publication, distribution, etc 2025
Place of publication, distribution, etc New Delhi
300 ## - PHYSICAL DESCRIPTION
Pages xiii, 234
650 ## - Subject
Subject Education
650 ## - Subject
Subject Special Education
650 ## - Subject
Subject Disability
700 ## - Added Entry Personal Name
Added Entry Personal Name Sharma, Madhavi, ed.
942 ## - ADDED ENTRY ELEMENTS (KOHA)
Koha item type Books
Holdings
Withdrawn status Lost status Source of classification or shelving scheme Damaged status Not for loan Location (home branch) Sublocation or collection (holding branch) Shelving location Date acquired Koha issues (times borrowed) Koha full call number Accession No. Koha date last seen Koha item type
    Dewey Decimal Classification     VIVEKANANDA LIBRARY VIVEKANANDA LIBRARY Centre for Disability Studies 03/12/2025   371.9 Y11I 443441 03/12/2025 Books
    Dewey Decimal Classification     VIVEKANANDA LIBRARY VIVEKANANDA LIBRARY Centre for Disability Studies 03/12/2025   371.9 Y11I 443442 03/12/2025 Books
    Dewey Decimal Classification     VIVEKANANDA LIBRARY VIVEKANANDA LIBRARY Centre for Disability Studies 03/12/2025   371.9 Y11I 443443 03/12/2025 Books
© Designed and Maintained by Vivekananda Library, MDU Rohtak